<An> introduction to global financial markets

Gespeichert in:
Bibliographische Detailangaben
1. Verfasser: Valdez, Stephen
Weitere Verfasser: Molyneux, Philip
Format: Buch
Sprache:Englisch
Veröffentlicht: London Palgrave/Macmillan Education 2016
Ausgabe:8th ed.
Schlagworte:
Tags: Tag hinzufügen
Keine Tags, Fügen Sie das erste Tag hinzu!

MARC

LEADER 00000nam a2200000 4500
001 0234260
005 20230109072636.9
020 |a 978-1-137-49755-0 
041 0 |a eng 
044 |a GB 
245 1 0 |a <An> introduction to global financial markets  |c Stephen Valdez, Philip Molyneux 
250 |a 8th ed. 
264 1 |a London  |b Palgrave/Macmillan Education  |c 2016 
300 |a xxxiv, 518 s. 
610 2 0 |a trh finančný medzinárodný 
610 2 0 |a financie medzinárodné 
610 2 0 |a bankovníctvo 
610 2 0 |a investície 
610 2 0 |a bondy 
610 2 0 |a hedging 
610 2 0 |a kríza finančná 
100 1 |a Valdez, Stephen 
700 1 |a Molyneux, Philip